000 00423nam a2200157Ia 4500
008 210324s9999||||xx |||||||||||||| ||und||
040 _cSTCPL
041 _hHND
082 _a891.43301
_bALO-K
100 _aAlok
245 0 _aKatha bharathi
_hकथा- भारती
260 _aMinneapolis
_bRamnarayanlal Beniprasad
_c1971
300 _aP- 206 17 CM
650 _aHindi Storiesനോവല്‍
942 _cBK
999 _c21511
_d21511